Cómo hacer láminas en tres dimensiones (Registro nro. 26850)

Detalles MARC
000 -CABECERA
Longitud fija campo de control 00626nam a2200217 a 4500
003 - • IDENTIFICADOR DELl NÚMERO DE CONTROL
Identificador del número de control CO-ViMGA
008 - • CÓDIGOS DE INFORMACIÓN DE LONGITUD FIJA
Códigos de información de longitud fija 141112s2004 ck r 000 u spa d
020 ## - • NÚMERO INTERNACIONAL NORMALIZADO PARA LIBROS
Número Internacional Normalizado para Libros (ISBN) 8432983632
040 ## - FUENTE DE LA CATALOGACIÓN
Centro catalogador de origen CO-ViMGA
Lengua de catalogación spa
Centro transcriptor CO-ViMGA
082 04 - • NÚMERO DE LA CLASIFICACIÓN DECIMAL DEWEY
Número de clasificación (R) 745.54 O553c
100 1# - • PUNTO DE ACCESO PRINCIPAL-NOMBRE DE PERSONA
Nombre de persona Oller, Merce; Oller, Rosa
245 10 - • TITULO PROPIAMENTE DICHO
Título Cómo hacer láminas en tres dimensiones
250 ## - • MENCIÓN DE EDICIÓN
Mención de edición 3
300 ## - • DESCRIPCIÓN FÍSICA
Extensión 45.p.
590 ## - NOTAS LOCALES
Nota local Forma de adquisición : Premio - Mincultura
650 14 - • PUNTO DE ACCESO ADICIONAL DE MATERIA - TÉRMINO DE MATERIA
Término de materia o nombre geográfico como elemento inicial ARTESANIAS TRIDIMENSIONALES EN PAPEL
650 14 - • PUNTO DE ACCESO ADICIONAL DE MATERIA - TÉRMINO DE MATERIA
Término de materia o nombre geográfico como elemento inicial TRABAJOS EN PAPEL
942 ## - ENTRADA DE ELEMENTOS AGREGADOS (KOHA)
Fuente de clasificaión o esquema Dewey Decimal Classification
Koha [por defecto] tipo de item LIbro
Existencias
Perdido Fuente de clasificación o esquema Estado Físico No para préstamo Forma de adquisición Localización permanente Localización actual Fecha adquisición Serie de enumeración / cronolog&íacute;a Préstamos totales Signatura completa Código de barras Fecha última consulta Número de copia Fecha del precio de reemplazo Tipo de item de Koha
  Dewey Decimal Classification     Sala General Segundo Piso Biblioteca Pública Germán Arciniegas - Villavicencio Biblioteca Pública Germán Arciniegas - Villavicencio 12/04/2015 Volumen. 1 | 11/jun/2009   745.54 O553c 17281 12/04/2015 Ej. 1 12/04/2015 LIbro









Instituto Departamental de Cultura del Meta - Red Departamental de Bibliotecas Públicas del Meta.